000 00720nam a22002297a 4500
003 BCEG
005 20260408161649.0
008 260408s2024 mx|||||| |||| 00| 0 spa d
020 _a9786079830595
040 _aBCEG
_bspa
_cBCEG
082 0 4 _a520
_bF465r
100 1 _aFierro, Julieta,
_d1948-2025.
245 1 4 _aLos retos de la astronomía.
260 _aMéxico :
_bUniversidad Nacional Autónoma de México :
_bAcademia Mexicana de la Lengua,
_c2024.
300 _a127 p.
_b: il., fots.
490 _aLa Academia para Jóvenes.
541 _aCompra.
650 1 4 _aAstronomía
_vObras de divulgación.
700 1 _aFlores Samaniego, Ángel Homero,
_eprol.
700 1 _aBarajas, Benjamín,
_epref.
942 _cBK
999 _c437167
_d437167